000 00709nam a2200157 a 4500
008 180914s2004 ||||||||||||||||| || u
050 _aQE 28.3 For
100 _aFortey, Richard
245 1 4 _aThe earth: an intimate history
_cBy Richard Fortey
260 _aLondon
_bThe Folio Society
_c2004
300 _axiv, 416p.: ill.
350 _a89.00
650 _aHISTORICAL GEOLOGY
995 _aMAIN LIBRARY OPEN ACCESS
_e748676
_FCBU-MAIN LIBRARY (Kitwe)
_I89.00
_jQE 28.3 For
_M1
_UAVAILABLE
_WSep 21, 2018
_y748676
_ZMain Library Open Access Collection
995 _aMAIN LIBRARY OPEN ACCESS
_e748677
_FCBU-MAIN LIBRARY (Kitwe)
_I89.00
_jQE 28.3 For
_M2
_UAVAILABLE
_WSep 21, 2018
_y748677
_ZMain Library Open Access Collection
999 _c75681
_d75681